000 00771nam a22002297a 4500
005 19970904051429.3
008 970904m19271929ii a 001 0aeng
010 _aENG-95796
020 _a9788184932690
_c100.00
035 _aEN-79329
037 _aDBAD/PUB
040 _aDPL
100 _aRamesh, Mahadevan
240 _aSatyanā prayogo athavā ātmakathā.
_lEnglish
245 _aA gentle introdudtion to carnatic music
_cby Mahadevan Ramesh
260 _aNew Delhi
_bOxygen Books
_c2009
270 _bNew Delhi
_e110006
300 _a91p. ;
_c22 cm.(Pbk)
942 _2ddc
_cEN
_mRAM
999 _c33546
_d33546